00274nam a2200109Ia 4500008004000000082001600040100001600056245003000072260004200102300000700144650001300151210210b1980 xxu||||| |||| 00| 0 eng d a796.48 SRII aSRIMAN (R). aIndia in Moscow olympics. aNDbSterling Publishers Pvt Ltdc1980 a71 aOlympics